Normale Ansicht MARC-Ansicht ISBD

Reisen und Reisebeschreibungen im 18. und 19. Jahrhundert als Quellen der Kulturbeziehungsforschung / (Titelsatznr. 2121)

[ MARC ]
MARC-Details
000 -Satzkennung
Kontrollfeld mit fester Länge 00623nam a22001811c 4500
001 - Kontrollnummer
Kontrollfeld ht007314856
008 - Feld mit fester Länge zur physischen Beschreibung - Allgemeine Angaben
Kontrollfeld mit fester Länge 051024s1980 gw |||| 000u ger d
020 ## - Internationale Standardbuchnummer
Internationale Standardbuchnummer 392151505x
Verknüpfung 3-921515-05-x
041 ## - Sprachcode
Sprachcode des Textes/der Tonspur oder des separaten Titels ger
040 ## - Katalogisierungsquelle
Übertragungsstelle RU-10907106
003 - Kontrollnummer Identifier
Kontrollfeld RU-10907106
245 00 - Titel
Titel Reisen und Reisebeschreibungen im 18. und 19. Jahrhundert als Quellen der Kulturbeziehungsforschung /
Verfasserangabe etc. hrsg. von B. I. Krasnobaev ..
264 ## - Produktion, Veröffentlichung, Distribution, Herstellung und Urheberrechtsvermerk
Herstellungs-, Veröffentlichungs- Vertriebs-, Erzeugungsort Berlin :
Produzent, Herausgeber, Distributor, Hersteller Camen,
Datum der Herstellung, der Veröffentlichung, des Vertriebs oder des Urheberschutzvermerks 1980
300 ## - Physische Beschreibung
Umfang 403 S.
490 #0 - Gesamttitelangabe
Gesamttitelangabe Studien zur Geschichte der Kulturbeziehungen in Mittel- und Osteuropa
Bandnummer/Folgebezeichnung 6
700 1# - Nebeneintragung - Personenname
Personenname Krasnobaev, Boris I. [Hrsg.]
Funktionsbezeichnung HerausgeberIn
942 ## - Zusätzliche Felder (Koha)
Koha-Medientyp Monographien
Exemplare
Ausgeschieden Verloren Klassifikation oder Aufstellungssystematik Beschädigt Nicht entleihbar Heimatbibliothek Aufenthaltsbibliothek Aufstellungsort Erwerbungsdatum Inventarnummer Signatur Barcode Letzte Aktivität Preis gültig von Koha-Medientyp
    Andere/Generische Klassifikation     MWN Osteuropa MWN Osteuropa Lesesaal - 1 24/10/2005 05-07839 W 50 F af 101 E004015078F6DFEB 22/02/2021 22/03/2021 Monographien